000 00624nam a2200205Ia 4500
003 BUBTL
008 151213s9999 xx 000 0 und d
020 _a92-833-1055-0
082 _a519.2/SEP
100 _aShizho Senju & Others
_93566
245 _aProfitability Analysis Japanese Approach
_cShizho Senju & Others
260 _aTokyo
_bAsian Productive Organization
_c1989
300 _a[vii] , 215p . :
_bill . ; 21cm.
500 _aIncludes Index
650 _aReference
_93567
700 _aShizho Senju & Others
_93566
856 _k0
_l0
_yDownload
942 _2ddc
_cBK
999 _c2006
_d2006